[Event "93rd FRA-ch 2018"]
[Site "Nimes"]
[Date "2018.08.20"]
[Round "3"]
[White "Bacrot, Etienne"]
[Black "Maze, Sebastien"]
[Result "1-0"]
[WhiteElo "2699"]
[BlackElo "2612"]
[Annotator "TA"]
[PlyCount "67"]
[EventDate "2018.08.18"]
[EventType "tourn"]
[EventCountry "FRA"]
[SourceTitle "playchess.com"]
[Source "ChessBase"]
[SourceQuality "1"]

{[%evp 16,67,57,20,42,45,32,22,44,0,23,30,57,39,88,88,88,88,88,89,89,87,89,86,103,93,83,35,29,35,89,29,29,29,29,2,90,29,47,15,141,115,141,136,712,705,642,676,645,627,912,904,29981,29982]} 1. e4 c5 2. Nf3 e6 3. d4 cxd4 4. Nxd4 Nc6 {[%cal Bb8c6,Bc6e5,Be5g4][%mdl 32]} 5. Nc3 Qc7 6. Be3 a6 7. Qf3 {B48: Sicilian: Taimanov: 5 Nc3 Qc7 6 Be3 a6 without Be2} Ne5 (7... Nf6 8. O-O-O Ne5 9. Qg3 b5 10. a3 Bb7 11. Bxb5 Rc8 12. Ba4 Nxe4 13. Nxe4 Bxe4 14. Bf4 Qc4 15. Bxe5 Qxa4 {1-0 (38) Vachier Lagrave,M (2789)-Anand,V (2776) Karlsruhe/Baden-Baden 2018}) 8. Qg3 h5 9. f4 {LiveBook: 11 Games. White is slightly better.} (9. Bf4 $5 {[%cal Rf4e5]} d6 10. Be2 $14) 9... Ng4 10. Bd2 $146 ({Predecessor:} 10. Bg1 b5 11. h3 b4 12. Nd5 exd5 13. hxg4 Nf6 14. e5 Nxg4 15. Be2 d6 16. e6 Nf6 17. f5 Qe7 18. Nc6 Qb7 19. Nd4 Qe7 20. Nc6 Qb7 21. Nd4 Qe7 {½-½ (21) Fercec,N (2446)-Bosiocic,M (2605) Pozega 2018}) 10... b5 11. h3 N4f6 {[#] And now ...b4 would win.} 12. a3 Bb7 (12... Bc5 $5 {[%cal Rc5d4]}) 13. Bd3 h4 14. Qf2 $36 {[%mdl 2048] White has good play.} Bc5 15. Be3 {[%cal Bd2e3,Be3d4,Bd4c5][%mdl 32] [#] Hoping for Ndxb5.} Rc8 16. e5 Nd5 17. Nxd5 Bxd5 18. b4 Bxd4 19. Bxd4 Ne7 20. Bc5 Qc6 21. O-O-O {[%cal Ba1d1,Bd1d2,Bd2d3][%mdl 32]} g6 22. Rd2 Be4 ({Black should play} 22... a5 $14) 23. Rhd1 ({White should try} 23. Bxe4 $16 Qxe4 24. Bxe7 Kxe7 25. Rhd1) 23... Bxd3 $11 24. Rxd3 Nd5 25. Rd4 Kd8 (25... Nc3 $11) 26. Qf3 (26. R1d3 $16) 26... Rh5 27. Kb2 (27. a4 $5) 27... Kc7 (27... a5 $11) 28. Rxd5 $16 exd5 29. Rxd5 Re8 $2 {[%mdl 8192]} (29... Kd8 $16) 30. Qd3 $18 Re6 31. Bd6+ Kb7 32. Bf8 Qc4 33. Rxd7+ Kc6 34. Qd2 {Precision: White = 66%, Black = 28%.} 1-0

[Event "93rd FRA-ch 2018"]
[Site "Nimes"]
[Date "2018.08.20"]
[Round "3"]
[White "Fressinet, Laurent"]
[Black "Gozzoli, Yannick"]
[Result "1/2-1/2"]
[WhiteElo "2645"]
[BlackElo "2596"]
[Annotator "TA"]
[PlyCount "46"]
[EventDate "2018.08.18"]
[EventType "tourn"]
[EventCountry "FRA"]
[SourceTitle "playchess.com"]
[Source "ChessBase"]
[SourceQuality "1"]

{[%evp 11,46,7,48,22,24,0,0,-12,-2,-6,-6,-4,0,0,0,-4,0,0,0,0,0,9,18,10,8,2,14,0,0,0,0,0,0,0,0,0,0]} 1. c4 Nf6 2. Nc3 e5 3. Nf3 Nc6 4. e3 Be7 (4... Bb4 5. Qc2 Bxc3 6. Qxc3 Qe7 7. b3 O-O 8. Bb2 Re8 9. a3 a5 10. h3 b6 11. Be2 Bb7 12. O-O d5 13. cxd5 Nxd5 14. Qc2 e4 {1-0 (41) Caruana,F (2822)-Karjakin,S (2782) Stavanger 2018}) 5. Qb3 O-O 6. Be2 {A28: English Opening: Four Knights Variation} d6 {LiveBook: 3 Games} 7. d3 a6 $146 ({Predecessor:} 7... Rb8 8. O-O Bg4 9. h3 Bh5 10. a3 Re8 11. Qc2 Bf8 12. b4 {1-0 (33) Ganguly,S (2650)-Ponomariov,R (2694) Riadh 2017}) 8. Bd2 {White has an edge.} Rb8 {The position is equal.} 9. Qc2 Nb4 10. Qb1 c5 11. O-O b5 12. cxb5 axb5 13. d4 exd4 14. exd4 c4 15. a4 bxa4 16. Bxc4 Bg4 17. Be2 Qd7 18. Rxa4 Rfc8 19. Bd1 Bf5 20. Qa1 Nc2 21. Qa2 Nb4 22. Qa1 Nc2 23. Qa2 Nb4 {Precision: White = 46%, Black = 83%.} 1/2-1/2

[Event "93rd FRA-ch 2018"]
[Site "Nimes"]
[Date "2018.08.20"]
[Round "3"]
[White "Edouard, Romain"]
[Black "Cornette, Matthieu"]
[Result "1-0"]
[WhiteElo "2638"]
[BlackElo "2593"]
[Annotator "TA"]
[PlyCount "55"]
[EventDate "2018.08.18"]
[EventType "tourn"]
[EventCountry "FRA"]
[SourceTitle "playchess.com"]
[Source "ChessBase"]
[SourceQuality "1"]

{[%evp 23,55,-25,-21,-43,0,0,36,0,-4,-27,37,37,35,37,42,37,61,52,42,43,53,59,267,215,217,207,216,215,221,185,262,249,1043,1038]} 1. Nf3 Nf6 2. g3 d5 3. Bg2 c5 4. O-O e6 {[%cal Be7e6,Be6e5][%mdl 32]} 5. d4 cxd4 6. Nxd4 e5 7. Nb3 Be6 8. Nc3 Be7 {D02: 1 d4 d5 2 Nf3 sidelines, including 2...Nf6 3 g3 and 2...Nf6 3 Bf4} 9. f4 exf4 10. gxf4 g6 11. Kh1 Nc6 12. Be3 O-O {LiveBook: 14 Games} 13. Nd4 {[#]} Bg4 $146 ({Predecessor:} 13... Rc8 14. Bg1 Nxd4 15. Bxd4 Bc5 16. Bxf6 Qxf6 17. Nxd5 Qxb2 {0-1 (40) Romanishin,O (2458)-Edouard,R (2621) Sitges 2017}) 14. f5 Re8 15. h3 Bh5 16. Qe1 Nxd4 (16... Bb4 $11 17. Qg3 Bxc3 18. bxc3 Nxd4 19. Bxd4 Ne4 20. Bxe4 Rxe4) 17. Bxd4 $14 Ne4 18. Bxe4 dxe4 19. Rd1 Bh4 20. Bf2 Bxf2 21. Qxf2 Qg5 22. Nd5 {h4 is the strong threat.} Kg7 $2 (22... e3 $1 $14 23. Qe1 Re5) 23. Nc7 e3 {[#]} 24. Qh2 $1 $40 {[%mdl 128] Black is in trouble.} Rad8 25. Nxe8+ Rxe8 26. c3 Kh6 (26... Kh8 {was necessary.} 27. Rd5 Qf6) 27. Rd4 gxf5 $2 {[#]} (27... Qf6 28. Rd6 Qe5 29. fxg6 hxg6 30. Qxe5 (30. Rxf7 Bxe2 31. Qxe2 Qxd6 $17) 30... Rxe5) 28. Rg1 {Precision: White = 79%, Black = 25%.} 1-0

[Event "93rd FRA-ch 2018"]
[Site "Nimes"]
[Date "2018.08.20"]
[Round "3"]
[White "Bauer, Christian"]
[Black "Le Roux, Jean-Pierre"]
[Result "1/2-1/2"]
[WhiteElo "2636"]
[BlackElo "2539"]
[Annotator "TA"]
[PlyCount "157"]
[EventDate "2018.08.18"]
[EventType "tourn"]
[EventCountry "FRA"]
[SourceTitle "playchess.com"]
[Source "ChessBase"]
[SourceQuality "1"]

{[%evp 19,157,27,27,18,37,27,27,18,22,16,35,17,23,22,37,47,54,52,37,33,119,90,207,200,186,172,260,114,124,20,22,18,31,0,0,0,0,0,0,0,0,0,0,0,0,0,0,0,0,0,0,0,0,0,0,0,0,0,0,-6,0,-12,-8,-24,-8,-8,0,0,0,0,0,-8,-3,-11,-8,-11,0,-8,-8,-8,0,-8,-8,-8,-8,-46,-48,-53,-8,0,0,-76,0,-8,0,-22,-14,-150,-8,-8,-8,-8,-8,-8,-8,-8,-8,-8,-8,-8,-8,-70,-70,-77,-77,-80,-77,-78,-8,-8,0,0,0,0,0,0,0,0,0,-78,-78,-78,-78,-77,-77,-77,-77,-77,-77,-83]} 1. Nf3 Nf6 2. c4 d6 3. Nc3 e5 4. d4 exd4 5. Nxd4 g6 6. g3 Bg7 7. Bg2 O-O 8. O-O Re8 {A24: English Opening vs King's Indian: Lines without ...Nc6} 9. Rb1 Nbd7 10. e4 Nc5 {[%cal Rf6e4] LiveBook: 3 Games. White has an edge.} 11. f3 c6 {[%cal Bc7c6,Bc6d5][%mdl 32]} 12. Be3 (12. b4 Ncd7 13. Nce2 a6 14. Qb3 Qe7 15. Rd1 Ne5 16. f4 Ned7 17. Nc3 Rb8 {½-½ (31) Ivanchuk,V (2747)-Grischuk,A (2737) Doha 2016}) 12... d5 $146 {[%cal Rd5e4]} ({Predecessor:} 12... a5 13. Qc2 Nfd7 14. Rbd1 f5 15. b3 fxe4 16. fxe4 Qe7 17. Nde2 Nf6 18. Bxc5 dxc5 {0-1 (60) Drabek,M-Kraschl,J Hradec Kralove 1992}) 13. Nc2 Na6 14. cxd5 cxd5 15. Bg5 (15. Nxd5 Nxd5 16. exd5 (16. Qxd5 $2 Qxd5 17. exd5 Bf5 $19) 16... Bf5 $17) 15... Qb6+ 16. Kh1 Nc7 $1 17. Be3 $36 {[%mdl 2048] White has the initiative.} Qa6 18. Bd4 dxe4 19. fxe4 Bg4 (19... Ng4 $14) 20. Qc1 Nh5 (20... Nd7 $16) 21. Bxg7 $18 Kxg7 22. Qg5 Qe6 (22... Bd7 $142 23. g4 h6) 23. Nd4 (23. Qh4 $18) 23... Qe5 24. Nf5+ (24. Qxg4 $16 Qxd4 25. Rbd1) 24... Bxf5 $1 $11 25. exf5 Nf6 26. Qh4 Rad8 27. fxg6 hxg6 28. Rbe1 Qd4 29. Rxe8 ({Wrong is} 29. Bxb7 $2 Rxe1 30. Rxe1 Qf2 $19) 29... Ncxe8 30. Qxd4 ({Much weaker is} 30. Bxb7 Qxh4 31. gxh4 Rb8 $17) 30... Rxd4 31. Kg1 Nd6 32. Rd1 Rxd1+ 33. Nxd1 {[%mdl 4096] Endgame KBN-KNN} Ng4 34. h3 Ne5 35. Kf2 Kf6 36. Ke2 Nd7 37. Ne3 Ke5 38. h4 Nc5 39. Bf3 f5 40. g4 fxg4 41. Nxg4+ Kd4 42. Ne3 Ne6 43. Ng2 Ke5 44. Kd2 Nd4 45. Bd1 Ne4+ 46. Kc1 Nf6 47. Kd2 b6 48. Ne1 Nf5 49. Ng2 $1 Nd4 50. Ne1 Ne4+ 51. Kc1 $1 Ng3 52. Nd3+ Ke4 53. Nf2+ Kf4 54. Nd3+ Ke4 ({Black should try} 54... Kf5 $11) 55. Nf2+ $1 $17 Ke5 (55... Ke3 $17 56. Ng4+ Kf4) 56. Nd3+ $1 $11 Kf6 57. Nf4 Ndf5 58. h5 (58. Ng2 $1 $11 {remains equal.}) 58... g5 (58... Nxh5 $17 59. Nd3 Nhg3) 59. Nh3 Nh6 {White should prevent ...Kf5.} 60. Nf2 Kf5 61. Kd2 Ne4+ 62. Nxe4 Kxe4 {KB-KN} 63. Kc3 g4 {Threatening ...g3.} 64. Ba4 Kf4 {next ...Kg5 is good for Black.} 65. Bc6 (65. Bd7 $1 $11) 65... Kg5 66. Kc4 Nf5 67. Ba8 Kxh5 68. Kb5 Nh4 (68... Kg5 $17 {Strongly threatening ...Kf4.} 69. Ka6 b5) 69. Ka6 Nf3 {aiming for ...Kg5.} 70. Kxa7 Kg5 71. Bd5 Kf4 72. Be6 {Hoping for Bxg4!} g3 73. Bh3 Ke3 74. a4 {[#]} (74. Bg2 $1 $11 {keeps the balance.}) 74... Kf2 $1 $17 {Black is better.} 75. Kxb6 Ng5 ({Not} 75... g2 $2 {[#]} 76. Bxg2 $1 {[%mdl 512]} Nd2 77. a5 $18) 76. a5 Nxh3 77. a6 g2 78. a7 g1=Q 79. a8=Q {Precision: White = 63%, Black = 49%.} 1/2-1/2

[Event "93rd FRA-ch 2018"]
[Site "Nimes"]
[Date "2018.08.20"]
[Round "3"]
[White "Loiseau, Quentin"]
[Black "Gharamian, Tigran"]
[Result "0-1"]
[WhiteElo "2417"]
[BlackElo "2614"]
[Annotator "TA"]
[PlyCount "81"]
[EventDate "2018.08.18"]
[EventType "tourn"]
[EventCountry "FRA"]
[SourceTitle "playchess.com"]
[Source "ChessBase"]
[SourceQuality "1"]

{[%evp 19,81,-22,-10,-38,-29,-36,-29,-30,-28,-72,-71,-108,-109,-142,-131,-120,-108,-111,-106,-124,-76,-64,-74,-50,-7,-89,-48,-104,-104,-94,-95,-108,-96,-96,-62,-63,-62,-57,-59,-58,-70,-87,-100,-96,-61,-62,-63,-106,-94,-141,-145,-145,-141,-163,-158,-226,-221,-228,-233,-6303,29985,-11,-11,-21]} 1. e4 e5 2. Nf3 Nc6 3. Bb5 Nf6 4. O-O Nxe4 5. d4 {[%cal Bd2d4,Bd4e5][%mdl 32]} Nd6 6. dxe5 Nxb5 7. a4 {[%cal Ba2a4,Ba4b5][%mdl 32]} d6 {C67: Ruy Lopez: Berlin Defence: 4 0-0 Nxe4} (7... Nbd4 8. Nxd4 Nxd4 9. Qxd4 d5 10. Qd3 c6 11. a5 Qd7 12. f4 Qf5 13. Qc3 Bd7 14. Qb3 Bc5+ 15. Be3 Bxe3+ 16. Qxe3 Qxc2 17. Qa3 {0-1 (41) Grischuk,A (2766)-Nakamura,H (2769) Leuven 2018}) 8. Bg5 Be7 9. Bxe7 Qxe7 10. axb5 Nxe5 {[%cal Bc6e5,Be5g4,Bg4f6,Bf6e4][%mdl 32] LiveBook: 4 Games} 11. Nd4 {With the idea f4.} O-O 12. Nc3 c6 13. Re1 $146 {f4 is the strong threat.} ({Predecessor:} 13. bxc6 bxc6 14. Re1 Qc7 15. f4 Ng4 16. f5 Nf6 {0-1 (32) Showalter,J-Pillsbury,H New York,NY 1898}) 13... Qc7 14. f4 {Strongly threatening b6.} Ng4 $1 15. f5 {[#]} Nf6 $1 16. g4 d5 17. g5 {[#]} Ne4 $1 18. Nxe4 dxe4 19. Qg4 c5 20. Ne2 Qe5 21. Ng3 Bd7 22. c3 (22. Rad1 $11 {remains equal.} Bxb5 23. Qxe4) 22... e3 {Threatens to win with ...Rfe8.} ({Reject} 22... Bxb5 $6 23. Nxe4 Kh8 24. f6 $11) 23. Ra4 ({White should play} 23. Qe4 $15 Qxe4 24. Nxe4) 23... Rae8 $17 24. Re4 {[#]} Bxf5 $1 {[%mdl 512]} 25. Rxe5 (25. Nxf5 Qxe4) 25... Bxg4 26. R1xe3 Re6 27. R3e4 b6 28. Rxe6 Bxe6 $15 {[%mdl 4096] Endgame KRB-KRN} 29. Ra4 Ra8 30. Ne4 Kf8 31. Kf2 Ke7 32. c4 $1 Bc8 33. b4 Bb7 34. Ke3 Bxe4 35. Kxe4 $17 {KR-KR} Kd6 36. bxc5+ Kxc5 37. Kd3 (37. Kf4 $17) 37... Rd8+ $19 38. Kc3 Rd4 39. Kc2 $2 (39. Rxa7 Rxc4+ 40. Kd3) 39... Rd3 $4 {[%mdl 8192]} (39... Rxc4+ $19 40. Rxc4+ Kxc4) 40. Rxa7 $2 (40. Kxd3 {mates} f6 41. Rxa7 Kd6 42. gxf6 gxf6 43. Rxh7 Kc5 44. Ra7 f5 45. h4) 40... Rh3 $11 41. Rc7+ {[%mdl 32768] Precision: White = 35%, Black = 64%. . Loss on Time!?} 0-1

[Event "93rd FRA-ch 2018"]
[Site "Nimes"]
[Date "2018.08.21"]
[Round "4"]
[White "Bacrot, Etienne"]
[Black "Fressinet, Laurent"]
[Result "1/2-1/2"]
[WhiteElo "2699"]
[BlackElo "2645"]
[Annotator "TA"]
[PlyCount "82"]
[EventDate "2018.08.18"]
[EventType "tourn"]
[EventCountry "FRA"]
[SourceTitle "playchess.com"]
[Source "ChessBase"]
[SourceQuality "1"]

{[%evp 18,82,30,16,14,4,13,5,16,0,0,0,4,0,0,0,0,0,0,0,0,0,0,-4,0,0,8,7,7,7,6,4,4,2,14,0,13,7,17,1,3,4,12,0,13,0,0,0,0,0,0,0,0,0,5,0,25,24,62,0,0,0,0,0,0,0,0]} 1. e4 e5 2. Nf3 Nc6 3. Bc4 Bc5 4. c3 Nf6 5. d3 {[%cal Bd2d3,Bd3d4][%mdl 32]} a6 6. a4 {C54: Giuoco Piano: 4 c3 Nf6, main lines with 5 d4 and 5 d3} d6 7. O-O Ba7 (7... O-O 8. Re1 h6 9. h3 Re8 10. Nbd2 Be6 11. b4 Bxc4 12. Nxc4 Ba7 13. Qc2 d5 14. Ne3 Bxe3 15. Bxe3 Qd7 {1-0 (44) Vachier Lagrave,M (2789)-Kramnik,V (2792) Paris 2018}) 8. Re1 O-O 9. h3 Ne7 10. d4 {LiveBook: 23 Games} Ng6 11. Nbd2 c6 12. Bf1 Re8 13. Qc2 {[#]} d5 $146 ({Predecessor:} 13... h6 14. a5 Be6 15. dxe5 dxe5 {½-½ (31) Sadzikowski,D (2563)-Parligras,M (2603) Achaea 2017}) 14. exd5 exd4 15. Rxe8+ Qxe8 16. Nxd4 Bxd4 17. cxd4 {And now dxc6 would win.} Nxd5 18. Nf3 h6 19. Bd2 Be6 20. Ne5 Nde7 21. Ba5 Qb8 22. Qc5 Nd5 23. Nxg6 fxg6 24. Re1 Bf7 {White must now prevent ...b6.} 25. Bd2 Qf8 26. Qc2 Re8 27. Re5 g5 28. Qe4 Nf6 29. Qe1 {next Bb4 is good for White.} Qd6 30. Bc3 Qd7 31. Be2 Rxe5 32. dxe5 Nd5 33. a5 Nf4 34. Bf1 Bd5 35. Bd2 Ng6 36. Qe3 Qf7 37. Qa7 Nh4 {[#] Hoping for ...Nf3+!} 38. f3 (38. Bd3 $14 Ng6 39. Be3) 38... Bc4 $11 {The position is equal.} 39. Qd4 Bxf1 40. Kxf1 Qb3 41. Kf2 Ng6 {Precision: White = 64%, Black = 60%.} 1/2-1/2

[Event "93rd FRA-ch 2018"]
[Site "Nimes"]
[Date "2018.08.21"]
[Round "4"]
[White "Gharamian, Tigran"]
[Black "Bauer, Christian"]
[Result "1/2-1/2"]
[WhiteElo "2614"]
[BlackElo "2636"]
[Annotator "TA"]
[PlyCount "53"]
[EventDate "2018.08.18"]
[EventType "tourn"]
[EventCountry "FRA"]
[SourceTitle "playchess.com"]
[Source "ChessBase"]
[SourceQuality "1"]

{[%evp 17,53,23,53,43,48,22,27,25,21,12,59,73,71,51,56,33,53,37,70,-11,0,4,0,11,43,54,63,54,73,21,42,20,8,2,28,48,54,21]} 1. e4 Nc6 2. Nf3 d6 3. d4 {[%cal Bd2d4,Bd4d5][%mdl 32]} Nf6 4. Nc3 g6 5. d5 Nb8 6. h3 c6 7. a4 Bg7 8. Bc4 O-O 9. O-O b6 {LiveBook: 4 Games. B08: Pirc Defence: Classical System} (9... Nbd7 10. Re1 Qc7 11. Ba2 Nc5 12. Bf4 Qb6 13. e5 Qxb2 14. Qd2 Nfe4 15. Nxe4 Nxe4 16. Qe3 dxe5 17. Bxe5 Bxe5 18. Nxe5 Qxe5 19. Qxe4 Qxe4 20. Rxe4 {0-1 (50) Huschenbeth,N (2596)-Moussard,J (2567) Bastia 2017}) 10. Qe2 Bb7 11. Rd1 $146 ({Predecessor:} 11. Bd2 a6 12. Rfe1 Nbd7 13. Rad1 Qc7 14. dxc6 Bxc6 15. Bxa6 Nc5 16. Bb5 Ncxe4 17. Bxc6 Nxc3 18. Bxc3 Qxc6 19. Qxe7 {1-0 (46) Prasca Sosa,R (2415)-Birnbaum,D (2148) La Massana 2012}) 11... Qc7 {The position is equal.} 12. Nd4 a6 13. Bb3 c5 14. Nf3 Nbd7 15. Bc4 Ne8 16. Nh2 Ne5 17. Ba2 b5 18. f4 (18. axb5 $14 axb5 19. Nxb5) 18... Nd7 19. axb5 axb5 20. Nxb5 Qb6 21. c3 Ra4 {[#] White must now prevent ...Qa6.} 22. Na3 $1 Nc7 23. Bc4 ({Better is} 23. Bb1 $16) 23... Rfa8 24. Nf3 Ba6 $1 25. e5 Qb8 {[#] And now ...Bxc4 would win.} 26. Bxa6 R4xa6 27. c4 {Precision: White = 21%, Black = 37%.} 1/2-1/2

[Event "93rd FRA-ch 2018"]
[Site "Nimes"]
[Date "2018.08.21"]
[Round "4"]
[White "Maze, Sebastien"]
[Black "Le Roux, Jean-Pierre"]
[Result "1-0"]
[WhiteElo "2612"]
[BlackElo "2539"]
[Annotator "TA"]
[PlyCount "59"]
[EventDate "2018.08.18"]
[EventType "tourn"]
[EventCountry "FRA"]
[SourceTitle "playchess.com"]
[Source "ChessBase"]
[SourceQuality "1"]

{[%evp 18,59,42,12,32,-80,21,10,4,0,25,-25,-27,-23,-25,-27,84,84,85,76,83,76,88,76,93,41,94,87,164,100,100,100,103,104,204,196,203,204,290,281,275,269,291,280]} 1. e4 e5 2. Nf3 Nc6 3. Bc4 Nf6 4. d3 Bc5 5. O-O O-O 6. h3 {C50: Hungarian Defence and Giuoco Pianissimo} a6 7. a4 h6 8. Re1 d6 9. c3 Be6 (9... Re8 10. Nbd2 Be6 11. b4 Bxc4 12. Nxc4 Ba7 13. Qc2 d5 14. Ne3 Bxe3 15. Bxe3 Qd7 {1-0 (44) Vachier Lagrave,M (2789)-Kramnik,V (2792) Paris 2018}) 10. Nbd2 {LiveBook: 12 Games} Ba7 11. Nf1 {[#]} (11. Bxe6 $14 {keeps the upper hand.} fxe6 12. b4) 11... d5 $146 (11... Nxe4 $1 $17 {[%mdl 512]} 12. Be3 (12. dxe4 Bxc4) 12... Bxc4 13. Bxa7 Bxd3 14. Qxd3 Nf6) ({Predecessor:} 11... Bxc4 12. dxc4 Ne7 13. Nh4 Ng6 14. Nf5 {1-0 (68) Bulmaga,I (2427)-Berend,E (2303) Riadh 2017}) 12. exd5 $11 Bxd5 13. Bxd5 Nxd5 14. Nxe5 Nxe5 15. Rxe5 Bxf2+ $1 16. Kh1 {And now Qf3 would win.} Re8 (16... c6 $11) 17. Rxe8+ $16 Qxe8 {[#]} 18. Bxh6 $1 {[%mdl 512]} Qe6 (18... gxh6 19. Qg4+) 19. Qf3 Qxh6 20. Qxf2 Nf4 21. Qf3 (21. Rd1 $16) 21... Rd8 (21... Re8 $1 $14) 22. d4 c5 (22... Nd5 $16 {keeps fighting.}) 23. Ng3 ({Don't do} 23. Qxb7 $6 cxd4 24. cxd4 Rxd4 $14) ({White should try} 23. dxc5 $18 Qg5 24. b4 (24. Qxb7 Qxc5 25. Qf3 Nd3 $16)) 23... cxd4 24. Nf5 Qg5 25. Nxd4 {Rf1 is the strong threat.} Rd6 (25... Nd5 $16 {might work better.}) 26. Rf1 $18 Rf6 27. Qxb7 Kh7 (27... g6 {is a better defense.} 28. Qe4 Nh5 29. Qe8+ Kg7 30. Rxf6 Qc1+ 31. Kh2 Nxf6 32. Ne6+ fxe6 33. Qe7+ Kh6) 28. Qe4+ {White has a decisive advantage.} g6 29. Ne2 Nh5 30. Rxf6 {Precision: White = 67%, Black = 21%.} 1-0

[Event "93rd FRA-ch 2018"]
[Site "Nimes"]
[Date "2018.08.21"]
[Round "4"]
[White "Gozzoli, Yannick"]
[Black "Edouard, Romain"]
[Result "1/2-1/2"]
[WhiteElo "2596"]
[BlackElo "2638"]
[Annotator "TA"]
[PlyCount "61"]
[EventDate "2018.08.18"]
[EventType "tourn"]
[EventCountry "FRA"]
[SourceTitle "playchess.com"]
[Source "ChessBase"]
[SourceQuality "1"]

{[%evp 23,61,21,21,21,21,22,26,22,22,22,25,23,24,15,15,17,16,15,15,12,14,12,12,8,8,6,12,8,8,5,5,5,5,3,5,0,5,0,5,0]} 1. d4 Nf6 2. c4 e6 3. Nf3 d5 4. Nc3 c5 5. cxd5 cxd4 6. Qxd4 exd5 7. e4 Nc6 8. Bb5 {D41: Queen's Gambit Declined: Semi-Tarrasch with 5 cxd5} dxe4 9. Qxd8+ Kxd8 10. Ng5 Be6 11. O-O Bb4 12. Ncxe4 Nxe4 {LiveBook: 32 Games} 13. Nxe4 Ke7 14. Be3 (14. Bxc6 bxc6 15. Be3 Bd5 {1-0 (51) Mamedyarov,S (2808)-So,W (2778) Paris 2018}) 14... Rhd8 15. Bxc6 bxc6 {[#]} 16. a3 $146 Bd6 17. Nxd6 Kxd6 18. Rfd1+ Kc7 {The position is equal.} 19. Rxd8 Kxd8 $11 {[%mdl 4096] Endgame KRB-KRB} 20. Bd4 f6 21. Re1 Ke7 22. f3 a5 23. Kf2 Kf7 24. Bc3 Bd5 25. Re3 a4 26. Bb4 Re8 27. Rxe8 Kxe8 28. Bc5 Bc4 29. Bb4 Bd5 30. Bc5 Bc4 31. Bb4 {Precision: White = 50%, Black = 89%.} 1/2-1/2

[Event "93rd FRA-ch 2018"]
[Site "Nimes"]
[Date "2018.08.21"]
[Round "4"]
[White "Cornette, Matthieu"]
[Black "Loiseau, Quentin"]
[Result "1/2-1/2"]
[WhiteElo "2593"]
[BlackElo "2417"]
[Annotator "TA"]
[PlyCount "89"]
[EventDate "2018.08.18"]
[EventType "tourn"]
[EventCountry "FRA"]
[SourceTitle "playchess.com"]
[Source "ChessBase"]
[SourceQuality "1"]

{[%evp 20,89,37,30,39,35,37,38,33,29,39,31,48,38,51,0,0,0,0,0,0,0,0,0,12,2,3,5,10,0,16,16,41,20,64,20,14,14,29,68,27,33,75,0,0,0,0,0,0,0,0,0,0,0,0,0,0,0,0,0,0,0,0,0,0,0,0,0,0,0,0,-29984]} 1. c4 c6 2. Nf3 d5 3. e3 Nf6 4. Nc3 e6 5. b3 Bd6 6. Bb2 O-O 7. d4 Nbd7 8. Bd3 e5 9. cxd5 cxd5 10. dxe5 {D46: Semi-Slav: 5 e3 Nbd7 6 Bd3, Black avoids the Meran} Nxe5 11. h3 {LiveBook: 5 Games} Re8 (11... Qe7 12. O-O Nxf3+ 13. Qxf3 Qe5 14. Rfd1 Be6 15. Rab1 Rac8 16. Nb5 Qh2+ 17. Kf1 Be5 {1-0 (29) Khismatullin,D (2632)-Saric,I (2669) Riadh 2017}) 12. O-O {White is slightly better.} a6 13. Nxe5 Bxe5 14. Rb1 $146 ({Predecessor:} 14. Rc1 Be6 15. Qe2 Rc8 16. Na4 Bb8 17. Bd4 Ne4 {½-½ (32) Watanabe,A (2374)-Valenzuela Fuentealba,L (2426) Istanbul 2000}) 14... Bb8 15. Ne2 $1 Ne4 16. Nf4 Qg5 17. Bxe4 (17. Bc2 $1 $14) 17... dxe4 $11 18. Qd2 Rd8 19. Qc3 {[#] And now Rfd1 would win.} Bxf4 20. exf4 Qg6 $1 21. Rbd1 {[%cal Rd1d8]} Bf5 22. Kh2 h5 23. Rd4 $40 {[%mdl 128] White is up to no good.} Rac8 24. Qa5 (24. Rfd1 {feels hotter.} Rxd4 25. Qxd4 Rc2 26. Rc1 Rxc1 27. Qd8+) 24... Rxd4 25. Bxd4 Qe6 26. Rd1 Qd7 {[#]} 27. Bxg7 $1 {[%mdl 512]} Qxd1 (27... Kxg7 28. Qe5+) 28. Qxf5 Kxg7 (28... Rc1 29. Qg5 $18) (28... Rc6 {with more complications.} 29. Bb2 Qd6 30. Qxe4 Kf8 31. g3 f6) 29. Qxc8 $14 {[%mdl 4096] Endgame KQ-KQ} Qd2 $1 30. Qc7 Qxa2 31. Qxb7 (31. Qe5+ $16 Kg8 32. Qg5+ (32. Qxe4 Qxf2 33. Qxb7 Qxf4+ 34. g3 Qd2+ 35. Qg2 Qd3 $11) 32... Kf8 33. Qh6+ (33. Qxh5 Qxb3 34. Qh8+ Ke7 $14) 33... Ke7 34. Qb6 (34. Qxh5 Qxb3 35. Qc5+ Ke8 $16)) 31... Qxf2 $11 {The position is equal.} 32. Qxe4 h4 33. b4 Kf8 34. Qe5 {aiming for f5.} Kg8 $1 35. Qg5+ Kf8 $1 36. Qe5 {f5 is the strong threat.} Kg8 $1 37. f5 {Threatens to win with f6.} Kh7 38. Qe7 Qf4+ 39. Kg1 Kg7 40. Kh1 Qf1+ 41. Kh2 Qf4+ 42. Kg1 Qc1+ 43. Kf2 Qc2+ 44. Ke3 Qc3+ 45. Ke4 $2 {[%mdl 40960] Precision: White = 60%, Black = 62%. . An unexpected result.} (45. Ke2 $11) 1/2-1/2